Modern technology of milk processing and dairy products (Record no. 136152)

MARC details
000 -LEADER
fixed length control field 00710nam a22002057a 4500
010 ## - LIBRARY OF CONGRESS CONTROL NUMBER
LC control number B-181216
020 ## - INTERNATIONAL STANDARD BOOK NUMBER
International Standard Book Number 8186623442
Terms of availability 750.00
035 ## - SYSTEM CONTROL NUMBER
System control number B-181216
037 ## - SOURCE OF ACQUISITION
Stock number Cen Lib/Ret
040 ## - CATALOGING SOURCE
Original cataloging agency DPL
Language of cataloging EN
082 ## - DEWEY DECIMAL CLASSIFICATION NUMBER
Classification number 637.1
Item number MOD
110 ## - MAIN ENTRY--CORPORATE NAME
Subordinate unit India. National Institute of Industrial Research
9 (RLIN) 98314
245 ## - TITLE STATEMENT
Title Modern technology of milk processing and dairy products
Statement of responsibility, etc by National Institute of Industrial Research, India
250 ## - EDITION STATEMENT
Edition statement 2nd ed
260 ## - PUBLICATION, DISTRIBUTION, ETC. (IMPRINT)
Place of publication, distribution, etc New Delhi
Name of publisher, distributor, etc National Institute of Industrial Research
Date of publication, distribution, etc 2005
300 ## - PHYSICAL DESCRIPTION
Extent 501p
Other physical details 24cm(Hb)
650 ## - SUBJECT ADDED ENTRY--TOPICAL TERM
Topical term or geographic name as entry element Dairy products.
9 (RLIN) 34044
650 ## - SUBJECT ADDED ENTRY--TOPICAL TERM
Topical term or geographic name as entry element Dairy products -- India -- Directories.
9 (RLIN) 112186
942 ## - ADDED ENTRY ELEMENTS (KOHA)
Source of classification or shelving scheme Dewey Decimal Classification
Koha item type English Books
Classification part 637.1
Call number suffix MOD
Holdings
Withdrawn status Lost status Damaged status Not for loan Home library Current library Date acquired Source of acquisition Cost, normal purchase price Total Checkouts Full call number Barcode Date last seen Copy number Cost, replacement price Price effective from Koha item type
        Central Library Central Library 21/12/2015 Cen Lib/Ret 750.00   637.1 MOD B-181216 21/12/2015 1 750.00 21/12/2015 English Books

© Delhi Public Library
Hit Counter
free hit counter